00898 a2200181 4500010001700000020004300017035001600060037001800076082001300094100001700107245006600124260003800190270008600228300007000314500006300384505022500447650004400672 aENG-86392-95 a8131301192 (set)c2800.00 (set of 4v.) aEN-69925-28 bD.B.Act / Pub14a371.20031 aMishra, R.C.1 aEncyclopaedia of educational administration /cby R.C. Mishra aNew DelhibA P H Publishingc2007 a5, Ansari Road, Darya GanjbNew DelhicDelhie110002k23274050maphbooks@vsnl.net a4v.(xiii, 295p; xvii, 297 p; xvii,272p; xviii,319p.)c21 cm. (Hb) aIncludes bibliographical references,Published in 4 volumes0 a v. 1. Classroom administration (xiii, 295p.); v. 2. School administration and organization (xvii, 297p.); v.3. Theory of education administration (xvii, 272 p.); v.4. History of education administration (xviii, 319 p.). 0aEducation administrationxEncyclopaedia